000 01497cam a22004454i 4500
003 PE-LiUPU
005 20250731173229.0
008 150625s r 000 0 spa d
035 _a(Sirsi) a34402
040 _aPE-LiUPU
_bspa
_cPE-LiUPU
_erda
049 _aPRUA
082 0 4 _a230
_bP23
_221
100 1 _aPannenberg, Wolfhart,
_eautor.
245 1 0 _aAntropología en perspectiva teológica :1bimplicaciones religiosas de la teoría antropológica /
_cWolfhart Pannenberg. [Trad. Miguel García-Baró].
264 1 _aSalamanca :
_bEd. Sígueme,
_c1993
300 _a709 páginas ; 22 centímetros.
336 _atext
_2rdacontent
337 _aunmediated
_2rdamedia
338 _avolume
_2rdacarrier
526 _aSEG42
526 _aSEG41
526 _aSEG40
526 _aSEG39
526 _aP94
526 _aP87
526 _aP86
526 _aP85
526 _aP77
526 _aP76
526 _aP35
650 1 4 _aAntropología teológica
_xCristianismo.
_93787
650 2 4 _aSeres humanos.
910 _a
942 _2ddc
_cBOOK
949 _a230 P23 127
_wDEWEY
_c1
_i36399
_lCCODEBUL1
_mBUL
_p00.00
_r0
_sY
_tBOOK
_u2015-06-25
_xBIBLIOTECA
_zUNKNOWN
_0COMPRA
_o.STAFF. Colección General
994 _aC0
_bPEPRU
596 _a1
999 _a230 P23 127
_wDEWEY
_c42255
_i36399
_d42255
_e2019-7-10
_f2021-11-9
_g5
_lCCODEBUL1
_mBUL
_n1
_q3
_r0
_sY
_tBOOK
_u2015-6-25
_xTEOLOGIA
_zUNKNOWN
_0COMPRA
_o.STAFF. Colección General
980 _81
_gALBERTO SANCHEZ Responsable de Automatización